000 01012cab a22002055a 4500
001 L137820
008 070501e2007 xxk 000 0 eng d
035 _a(Sirsi) u137820
041 0 _aeng
100 1 _aGoldie, Anna
245 0 0 _aIs the grass any greener on the other side?
260 _c2007
490 0 _aBuilding
_v272(8477) 27 April 2007, 48-53(6)
520 _aDiscusses results from the annual "Building"/Hays Construction and Property consultants' salary guide, which reveals that consultants' salaries have risen steadily over the past year, although moving to a client or contractor is the fastest way to get a significant pay rise. Provides salary tables for quantity surveyors, building surveyors, architects, civil and structural CAD technicians, and engineers, broken down by UK regions.
590 _aKA
650 2 4 _aBUILDING/HAYS CONSTRUCTION AND PROPERTY SALARY GUIDE
651 4 _aUnited Kingdom
_y
690 _aCAREERS, EDUCATION AND TRAINING-SURVEYING APPOINTMENTS
942 _n0
999 _c78719
_d78719